000 00703nam a2200241Ia 4500
003 OSt
005 20220918223423.0
006 a|||||r|||| 00| 0
007 ta
008 220917b |||||||| |||| 00| 0 eng d
024 _a222,437
037 _cTextual
040 _aARTS
_cARTS
_beng
041 _2eng
_aeng
082 _aV3:17, P4
100 _aWilson Kathleen Ed.
_9145691
245 0 _aNew imperial history
_b Culture, identity and modernity in Britain and the empire 1660-1840
260 _aUnited
_bKingdom Cambridge Univ. press
_c2004
300 _axvi, 385p
_ccm.
650 _aHISTORY
942 _hV3:17, P4
_cTEXL
_2CC
999 _c278379
_d278379